=LDR 00000nam 2200000 4500 =247 ##$$a =856 ##$$a =700 #$$a =650 #$$a Transformasi Kolaboratif =520 #$$a Transformasi kolaboratif dalam pembinaan ideologi Pancasila melalui Program KAWAL PANCASILA merupakan inisiatif strategis yang bertujuan untuk memperkuat pemahaman dan aktualisasi nilai-nilai Pancasila sebagai landasan utama dalam kehidupan bermasyarakat, berbangsa, dan bernegara. Program ini mengedepankan sinergi antara berbagai pemangku kepentingan, termasuk pemerintah pusat, pemerintah daerah (provinsi dan kabupaten/kota), lembaga pendidikan, organisasi masyarakat, sektor swasta, media massa, serta komunitas lokal. Melalui pendekatan kolaboratif, program ini berfokus pada penyebarluasan ideologi dan pengamalan nilai-nilai Pancasila secara lebih mendalam di seluruh lapisan masyarakat. Program ini juga merespon tantangan globalisasi dengan mengadopsi pendekatan yang inovatif dan adaptif, sehingga mampu menjaga kohesi sosial, memperkuat persatuan dan kesatuan nasional, serta melindungi identitas nasional. Melalui kolaborasi lintas sektor dan pendekatan yang inklusif, transformasi ini diharapkan dapat menjaga relevansi Pancasila sebagai dasar nrgara, ideologi dan pandangan hidup bangsa Indonesia guna meningkatkan Indeks Aktualisasi Pancasila di Provinsi Sumatera Utara. =321 ##$$a =310 ##$$a =300 ##$$a 70 hlm. : $b ill. ; $c 30 cm $e =260 ##$$a Jakarta : $b Pusbangkom Pimnas dan Manajerial ASN. ; $c 2024 =001 $a INLIS000000000020904 =245 ##$$a Transformasi Kolaboratif Dalam Pembinaan Ideologi Pancasila $b $c Zulkifli =100 #$$a Zulkifli =084 ##$$a R 088 PKN I 2024 =082 ##$$a =035 ##$$a 0010-0526000009 =020 ##$$a =008 $a 260508################g##########0#ind## =005 $a 20260508154338